Operating systems / (Record no. 75760)
[ view plain ]
| 000 -LEADER | |
|---|---|
| fixed length control field | 00585nam a22001937a 4500 |
| 005 - DATE AND TIME OF LATEST TRANSACTION | |
| control field | 20130520103510.0 |
| 010 ## - LCCN (DPL NO) | |
| LC control number | ENG-107233 |
| 020 ## - INTERNATIONAL STANDARD BOOK NUMBER | |
| International Standard Book Number | 9788120347267 |
| Terms of availability | 250.00 |
| 035 ## - SYSTEM CONTROL NUMBER | |
| System control number | EN-90766 |
| 037 ## - SOURCE OF ACQUISITION | |
| Source of stock number/acquisition | DBAD/PUB |
| 082 ## - DEWEY DECIMAL CLASSIFICATION NUMBER | |
| Classification number | 005.43 |
| 100 ## - MAIN ENTRY--PERSONAL NAME | |
| Personal name | Chandra Mohan, I. |
| 245 ## - TITLE STATEMENT | |
| Title | Operating systems / |
| Statement of responsibility, etc | by I. Chandra Mohan |
| 260 ## - PUBLICATION, DISTRIBUTION, ETC. (IMPRINT) | |
| Place of publication, distribution, etc | New Delhi |
| Name of publisher, distributor, etc | PHI Learning |
| Date of publication, distribution, etc | 2013 |
| 270 ## - ADDRESS | |
| Address | M-97, Connaught Circus, |
| City | New Delhi |
| Postal code | 110001 |
| 300 ## - PHYSICAL DESCRIPTION | |
| Extent | xvii, 225p.: |
| Dimensions | 24cm(pbk) |
| Other physical details | ill. |
| 500 ## - GENERAL NOTE | |
| General note | Includes bibliographical references and index |
| 942 ## - ADDED ENTRY ELEMENTS (KOHA) | |
| Source of classification or shelving scheme | Dewey Decimal Classification |
| Item type | English Books |
| Call number suffix | CHA |
| Classification part | 005.43 |
| Withdrawn status | Lost status | Not for loan | Collection code | Home library | Current library | Date acquired | Source of acquisition | Cost, normal purchase price | Full call number | Barcode | Copy number | Cost, replacement price | Koha item type |
|---|---|---|---|---|---|---|---|---|---|---|---|---|---|
| Not For Loan | Non-fiction | D.B.Act.Division | D.B.Act.Division | 17/05/2013 | DBAD / PUB | 250.00 | 005.43 CHA | EN-90766 | 1 | 250.00 | English Books |
